000 00266nam a22001337a 4500
020 _a978-93-86025
082 _a894.812
_bRAJ/D
100 _aRAJI, T
245 _aDOLL MAKING
260 _aKOTTAYAM
_bMANORAMA
300 _a113
650 _aGK
_zKERALA
942 _cBK
999 _c7141
_d7141